000 00454nam a2200157Ia 4500
008 151213s9999 xx 000 0 und d
020 _a0415-045576
100 _aAlbert C. Baugh , Kemp Malone
245 _aLiterary History of England the Middle Ages
_cAlbert C. Baugh , Kemp Malone
260 _aLondon
_bRoutledge
_c1967
300 _a5556 p.
650 _aEnglish
650 _aEnglish
700 _aAlbert C. Baugh , Kemp Malone
999 _c3323
_d3323